| 000 | 00888nam a22002297a 4500 | ||
|---|---|---|---|
| 005 | 20120806100312.0 | ||
| 008 | 120806t xxu||||| |||| 00| 0 eng d | ||
| 010 | _aENG-105495 | ||
| 020 |
_a9789380929484 _c975.00 |
||
| 035 | _aEN-89028 | ||
| 037 | _bDBAD / PUB | ||
| 040 |
_adpl _bEnglish |
||
| 082 | _a333.91 | ||
| 100 |
_aKathuria, Renu _950740 |
||
| 245 |
_aClimate change and sustainable management resources / _cby Renu Kathuria |
||
| 260 |
_aJaipur _bDND Publications _c2012 |
||
| 270 |
_a2, Shivgyan Avenue, (B-7) near Yojna Bhawan, Yudishter Marg, C- Scheme _bJaipur _e302001 |
||
| 300 |
_aix,258p. : _c24cm(Hb) _bill. |
||
| 500 | _aIncludes bibliographical references | ||
| 942 |
_2ddc _cEN _mKAT _h333.91 |
||
| 999 |
_c68864 _d68864 |
||